| 000 | 01086nam a2200325 i 4500 | ||
|---|---|---|---|
| 001 | 108059 | ||
| 003 | ES-MaACL | ||
| 005 | 20250824014806.0 | ||
| 007 | t| | ||
| 008 | 070115s1958 sp ||||1| cat d | ||
| 080 | _a849.9-2"19"(082) | ||
| 080 | _a849.9-2"19" | ||
| 245 | 0 | 0 |
_aPremi Joan Santamaría _b: 1957. |
| 260 |
_aBarcelona : _bNereida, _c1958. |
||
| 300 |
_a107 p. ; _c17 cm. |
||
| 490 | 1 |
_aBiblioteca Gresol ; _v29 |
|
| 505 | 8 | _aContenido: Cruma/ Manuel de Pedrolo. Parasceve/ Blai Bonet. Una Crosta/ Ramón Folch i Camarasa. L'inconvenient de dir-se Martines/ Rosa María Arquimbau | |
| 650 | 1 | 7 |
_aTeatro catalán _2embne _917332 |
| 700 | 1 |
_aPedrolo, Manuel de, _d1918-1991 _989937 |
|
| 700 | 1 |
_aBonet, Blai. _930112 |
|
| 700 | 1 |
_aFolch i Camarasa, Ramon, _d1926- _951450 |
|
| 700 | 1 |
_aArquimbau, Rosa María. _923200 |
|
| 740 | 0 | _aCruma. | |
| 740 | 0 | _aParasvece. | |
| 740 | 0 | _aUna Crosta. | |
| 740 | 2 | _aL'inconvenient de dir-se Martines. | |
| 830 | 0 |
_aBiblioteca Gresol ; _v29 _9185526 |
|
| 852 |
_aES-MaACL _jE-5160 |
||
| 999 |
_c108059 _d108059 |
||